Δόμηση και συντονισμός επιμορφωτικών προγραμμάτων ενηλίκων : επιμορφωτικό σεμινάριο : Αθήνα 15-17 Σεπτεμβρίου 1986
Αποθηκεύτηκε σε:
| Συγγραφή απο Οργανισμό/Αρχή: | |
|---|---|
| Μορφή: | Βιβλίο |
| Γλώσσα: | Greek |
| Δημοσίευση: |
Αθήνα :
Γενική Γραμματεία Νέας Γενιάς,
[1986]
|
| Θέματα: | |
| Ετικέτες: |
Προσθήκη ετικέτας
Δεν υπάρχουν, Καταχωρήστε ετικέτα πρώτοι!
|
MARC
| LEADER | 00000nam a2200000 i 4500 | ||
|---|---|---|---|
| 001 | 1/82034 | ||
| 008 | 980922s1986 gre d | ||
| 035 | |l 10033841 | ||
| 040 | |a GR-MY-UA |b gre |e aacr | ||
| 041 | 0 | |a gre | |
| 082 | 0 | |a 374.012 | |
| 245 | 1 | 0 | |a Δόμηση και συντονισμός επιμορφωτικών προγραμμάτων ενηλίκων : |b επιμορφωτικό σεμινάριο : Αθήνα 15-17 Σεπτεμβρίου 1986 / |c Υπό την αιγίδα της ΟΥΝΕΣΚΟ και σε συνεργασία με : το Υπουργείο Εξωτερικών, τη Μόνιμη Ελληνική Αντιπροσωπέια στην ΟΥΝΕΣΚΟ, και την Εθνική Ελληνική Επιτροπή ΟΥΝΕΣΚΟ |
| 260 | |a Αθήνα : |b Γενική Γραμματεία Νέας Γενιάς, |c [1986] | ||
| 300 | |a 199 σ. | ||
| 500 | |a Ανω του τίτλου: Υπουργείο Πολιτισμού. Γενική Γραμματεία Λαικής Επιμόρφωσης. | ||
| 650 | 0 | 0 | |a Elementary education of adults |x Congresses. |
| 650 | 0 | 0 | |a Literacy |x Government policy |z Greece. |
| 710 | 2 | |a Unesco. | |
| 852 | |a INST |b RHODES |e 19980922 |h 374.012 ΔΟΜ |p 005400003209 |q 005400003209 |t BK |y 0 | ||
| 901 | |a BIBL-1998-3 | ||
| 909 | |a Ρ |b 004477 |c 1989 | ||
| 922 | |a 4ΔΩΡ |b 198911 |c ΔΩΡΕΑ | ||